|
|
|
|
| LEADER |
00000naa2a2200000 4500 |
| 001 |
192489 |
| 005 |
20260114154439.0 |
| 035 |
|
|
|a (RuTPU)RU\TPU\book\209905
|
| 090 |
|
|
|a 192489
|
| 100 |
|
|
|a 20110301d2010 k y0rusy50 ca
|
| 101 |
0 |
|
|a rus
|
| 102 |
|
|
|a RU
|
| 200 |
1 |
|
|a Применение ультразвука как способ повышения эффективности долота гидромониторно-эрозионного типа
|f А. В. Ковалёв
|g науч. рук. М. А. Самохвалов
|
| 320 |
|
|
|a Библиогр.: 5 назв.
|
| 461 |
|
1 |
|0 (RuTPU)RU\TPU\book\205901
|y 978-5-98298-729-7
|t Проблемы геологии и освоения недр
|o труды XIV Международного симпозиума имени академика М. А. Усова студентов и молодых ученых, посвященного 65-летию Победы советского народа над фашистской Германией в Великой Отечественной войне 1941-1945 гг., 5-9 апреля 2010 г. г. Томск
|o в 2 т.
|f Томский политехнический университет (ТПУ), Институт геологии и нефтегазового дела (ИГНД) ; под ред. В. А. Домаренко
|d 2010
|
| 463 |
|
1 |
|0 (RuTPU)RU\TPU\book\205109
|y 978-5-98298-731-0
|t Т. 2
|v С. 165-166
|d 2010
|
| 610 |
1 |
|
|a долота
|
| 610 |
1 |
|
|a эффективность
|
| 610 |
1 |
|
|a ультразвук
|
| 610 |
1 |
|
|a буровое оборудование
|
| 610 |
1 |
|
|a горные породы
|
| 610 |
1 |
|
|a разрушение
|
| 610 |
1 |
|
|a гидромоторно-эрозионное разрушение
|
| 610 |
1 |
|
|a труды учёных ТПУ
|
| 700 |
|
1 |
|a Ковалев
|b А. В.
|c специалист в области нефтепромыслового оборудования
|c доцент Томского политехнического университета, кандидат технических наук
|f 1987-
|g Артем Владимирович
|3 (RuTPU)RU\TPU\pers\32098
|9 16137
|
| 702 |
|
1 |
|a Самохвалов
|b М. А.
|c специалист в области нефтепромыслового оборудования
|c доцент Томского политехнического университета
|f 1948-
|g Михаил Андреевич
|4 727
|
| 801 |
|
1 |
|a RU
|b 63413507
|c 20110301
|
| 801 |
|
2 |
|a RU
|b 63413507
|c 20150619
|g RCR
|
| 942 |
|
|
|c BK
|